000 01187nam0a22002771 4500
001 rc\858642
005 20250622021654.0
035 _a(NLR Aleph) 006038518
090 _a7602854
_c7602854
100 _a20041129d1983 |||y0rusy50 ca
101 0 _arus
102 _aRU
105 _aa |||||||||
200 1 _aПроблемы технического перевооружения библиотек
_e[Сб. статей
_fНауч. ред. А.С. Соколов, д. п. н.]
210 _aЛ.
_cЛГИК
_d1983
215 _a147 с., 3 отд. л. схем.
_cил.
_d21
225 1 _aСборник научных трудов
_fЛенингр. гос. ин-т культуры им. Н.К. Крупской
_vТ. 75 [1]
300 _aВ надзаг. также: М-во культуры РСФСР
320 _aБиблиогр. в конце статей
702 1 _4340
_7ca
_8rus
_aСоколов
_bА. В.
_cд-р пед. наук, канд. техн. наук
_f1934-2023
_gАркадий Васильевич
_926247
_3RU\NLR\AUTH\7743304
801 0 _aRU
_bNLR
_gpsbo
801 1 _aRU
_bELAR
_2rusmarc
852 _aNLR
_bБ
_jП186/
942 _cBOOK
980 _aNB